Регионална библиотека "Любен Каравелов" - Русе

Свободен полет (Запис номер 392504)

MARC детайли
000 -Лидер
Контролно поле с фиксирана дължина 01296nam a2200325 a 4500
003 - Код на организацията, давaща контролен номер
Контролно поле BLK
005 - Дата и час на последна редакция
Контролно поле 20250725095716.0
008 - Елементи от данни с фиксирана дължина
fixed length control field 180412b bul|||||r ||||||| ||bul||
020 ## - Международен стандартен номер на книга ISBN
Международен стандартен номер на книга ISBN 9786197279283
040 ## - Източник на каталожния запис
Идентификатор на билиотеката - собственик на записа BLK
041 ## - Код за език
Код за езика на текст/звукозапис или на отделно заглавие Български
Код за езика КДБФ Български
080 ## - УДК
Текстов определител УДК Руска литература
УДК код - определител по УДК 821.161.1
УДК определител -31
УДК - код + определител 821.161.1-31
100 1# - Редна дума - Автор
Автор Суворов, Виктор
Авторска отговорност първи автор
Автор - информация (биография) Резун, Владимир Богданович
R(LIN) 254917
139 ## - Редно поле
Редна дума Суворов, Виктор
Авторски знак Су - С 89
245 10 - Сведения за заглавието
Заглавие Свободен полет
Подзаглавни данни Роман
Редно поле (дума) Виктор Суворов; прев. от рус. Иван Тотоманов; Владимир Богданович Резун.
257 ## - Страна на издаване
Страна на създаване/издаване Русия
260 ## - Област на издателските данни
Място на издаване, разпространение и проч. София
Име на издателя, разпространителя и проч. Факел Експрес
Година на издаване 2020
300 ## - Физическа характеристика
Страници 384 с.
Размери/Мащаб 21 см
380 ## - Жанр
Жанр Худож. лит.
500 ## - Общи забележки
Забележка Виктор Суворов - псевд. на В. Б. Резун.
700 ## - Други автори (авторска отговорност)
Лично име Тотоманов, Иван Димитров, 1953 -
9 (RLIN) 367882
700 1# - Други автори (авторска отговорност)
Лично име Резун, Владимир Богданович
9 (RLIN) 255554
852 ## - Местоположение
Фондова буква Заемна - подръчен фонд
Систематично-азбучна сигнатура 882-31/С 89 В
852 ## - Местоположение
Фондова буква Хранилище
Форматна сигнатура Цб 307486
856 4# - Електронен адрес и достъп
Електронен формат pdf - файл
Път до файла /url/
999 ## - СИСТЕМНИ КОНТРОЛНИ НОМЕРА
Koha biblionumber 392504
Koha biblioitemnumber 392504
942 ## - АРТИКУЛИ
Вид на библиотечния материал Книги
Скрит в OPAC Не
Koha issues (borrowed), all copies 36
Периодичен библиозапис Да
944 ## - СЪЗДАВАНЕ И РЕДАКЦИЯ на ЗАПИСА
Създаване/Редакция Създаване
Дата на регистрацията/редакция 2021-06-04
Служител, извършил регистрацията/редакцията 30530
Статус, дата на статуса Минев Младен
944 ## - СЪЗДАВАНЕ И РЕДАКЦИЯ на ЗАПИСА
Създаване/Редакция Редакция
Дата на регистрацията/редакция 2021-06-04
Служител, извършил регистрацията/редакцията ГГГ
999 ## - СИСТЕМНИ КОНТРОЛНИ НОМЕРА
Koha biblioitemnumber 392504
Наличности
Код за отписване Код за изгубен артикул Източник на класификационната схема Код за повреда Коз за рестрикции Код за отдаване Артикулен № Име на библиотеката - собственик Име на библиотеката, в която се намира в момента Статус (Текущо местоположение) Дата на вписване в системата Местоположение - отдел Цена в лева Систематично азбучна сигнатура Баркод Цена в евро Служебен тип на артикула
  Не е изгубен Universal Decimal Classification Не е повреден без рестрикции заемане за дома 806020 Регионална библиотека "Любен Каравелов" Русе Регионална библиотека "Любен Каравелов" Русе Заемна - подръчен фонд 2021-01-02 Заемна - подръчен фонд 16.50 882-31/С 89 В 120000850364 8.44 Книги
  Не е изгубен Universal Decimal Classification Не е повреден без рестрикции заемане за дома 806021 Регионална библиотека "Любен Каравелов" Русе Регионална библиотека "Любен Каравелов" Русе Заемна - подръчен фонд 2021-01-02 Заемна - подръчен фонд 16.50 882-31/С 89 В 120000850363 8.44 Книги
  Не е изгубен Universal Decimal Classification Не е повреден само за читалня ползва се в читалня 835284 Регионална библиотека "Любен Каравелов" Русе Регионална библиотека "Любен Каравелов" Русе Хранилище 2021-06-08 Хранилище 22.00 Цб 307486 120000855732 11.25 Книги
Vip Innovations Ltd, Rousse, Bulgaria 2025